Tvárnica SILKA nová alternatíva pre stavby, ktoré majú ambíciu dosiahnuť dobré akustické parametre

Bibliographic Details
Main Authors: Mihál, Martin (Author, Interviewer), Zajac, Jozef (Author)
Format: Article
Language:Slovak
PhysicalDescription:Fotogr., obr., grafy
ISSN:1335-1249
Subjects:

MARC

LEADER 00000nab a2200000 a 4500
001 vtls009157309
003 SK-MaSNL
005 20260304163656.0
008 250507c2007 xo zr|p|||||||000 b|slo
015 |a SNBRB2007/11  |2 snkbucl 
035 |a (uuid)cd516c1a-7c1c-4cd1-987b-26086983be52 
035 |a urn:nbn:sk:snk-abadjf 
035 |a (urnnbn)urn:nbn:sk:snk:ar-008e4b 
038 |a SNKBUCL 
040 |a SNKBUCL  |b slo  |c SNKBUCL  |e AACR2 
041 0 |a slo 
044 |a xo  |c SK 
080 |a 691.316:692.24:699:844  |2 2001 
080 |a 692.24:699:844  |2 2001 
080 |a 699:844  |2 2001 
100 1 |a Mihál, Martin  |4 ivr  |4 aut  |9 497634 
245 1 0 |a Tvárnica SILKA  |b nová alternatíva pre stavby, ktoré majú ambíciu dosiahnuť dobré akustické parametre  |c Martin Mihál, Jozef Zajac 
300 |b Fotogr., obr., grafy 
650 0 7 |a stavebná akustika  |2 SNKPH  |9 15382 
650 0 7 |a stavebné materiály  |2 SNKPH  |9 31817 
650 0 7 |a vápennopieskové tvárnice  |2 SNK  |9 1491205 
650 0 7 |a steny  |2 SNKPH  |9 30413 
650 0 7 |a SILKA (akustická tvárnica)  |2 SNK  |9 1491206 
650 0 7 |a akustické vlastnosti materiálov  |2 SNK  |9 155389 
700 1 |a Zajac, Jozef  |4 aut  |9 219936 
773 0 |t Eurostav  |g Roč. 13, č. 6 (2007), s. 16-17  |x 1335-1249 
850 |a Slovenská národná knižnica 
852 |a Slovenská národná knižnica 
954 |a odborná, vedecká literatúra pôvodná (slovenská)  |2 lita 
958 |a article14 
958 |a OND 
958 |a EUIPO 
999 |c 2978298  |d 2980228